000 00639nam a2200217 a 4500
999 _c3750
_d3750
001 3750
003 BD-JhCC
005 20171118101203.0
008 171118s1372 bg |||| ||a| 000 0 ben d
035 _a(BD-JhCC)3750
040 _aBD-JhCC
_dBD-JhCC
041 _aben
082 _a891.443
_bMIT 1372
100 _aমিত্র, বিমল
245 _aকেউ নায়ক কেউ নায়িকা /
_cবিমল মিত্র
260 _aঢাকা :
_bআনন্দ পাবলিশার্স,
_c1372.
300 _a148 p. :
_c20 cm.
650 _aBengali Novel
942 _2ddc
_cBK